Himpunan kisah ibu bapa teladan

Bibliographic Details
Main Author: Marina Mat Arus
Other Authors: Title
Format: Book
Published: Selangor : Hijjaz Records Publishing , 2018
Subjects:

MARC

LEADER 00000cam a2200000 7i4500
001 0000087383
005 20230125104534.0
008 220217
020 |a 9789675391736 
041 0 |a Malay 
090 0 0 |a 297.18   |b MAR 
100 0 |a Marina Mat Arus 
245 1 0 |a Himpunan kisah ibu bapa teladan   |c Marina Mat Arus 
260 |a Selangor :   |b Hijjaz Records Publishing ,   |c 2018 
300 |a 206 p. ;   |c 21 cm. 
541 0 |a Purchased on 2021   |f 2046 PHA   |h RM23.90 
650 0 |a Islamic stories 
650 0 |a Muslim scholars 
650 0 |a Parenting   |x Religious aspects   |x Islam 
700 1 |a Title 
999 |a 0001672110   |b Book   |c Adult Collection   |e Cawangan Tangkak 
999 |a 0001672111   |b Book   |c Adult Collection   |e Cawangan Segamat 
999 |a 0001672112   |b Book   |c Adult Collection   |e Cawangan Bukit Gambir 
999 |a 0001672114   |b Book   |c Adult Collection   |e Cawangan Bandar Penawar 
999 |a 0001672115   |b Book   |c Adult Collection   |e Cawangan Mersing 
999 |a 0001672116   |b Book   |c Adult Collection   |e Cawangan Taman Sri Lambak 
999 |a 0001672117   |b Book   |c Adult Collection   |e Cawangan Muar 
999 |a 0001672118   |b Book   |c Adult Collection   |e Cawangan Kota Tinggi 
999 |a 0001672119   |b Book   |c Adult Collection   |e Cawangan Tmn. Ungku Tun Aminah 
999 |a 0001672120   |b Book   |c Adult Collection   |e Cawangan Bandar Tenggara 
999 |a 0001672121   |b Book   |c Adult Collection   |e Cawangan Pontian 
999 |a 0001672122   |b Book   |c Adult Collection   |e Cawangan Batu Pahat 
999 |a 0001672336   |b Book   |c Adult Collection   |e Perbadanan Perpustakaan Awam Johor 
999 |a 0001672337   |b Book   |c Adult Collection   |e Cawangan Urban Transformation Centre 
999 |a 0001672338   |b Book   |c Adult Collection   |e Cawangan AEON Kulaijaya